03799cam a22005894i 4500003000900000005001700009008004100026020001500067020001800082035002700100040006900127041001300196049000900209082002500218100003900243240002800282245009800310246005000408246005100458264002800509300005500537336002100592337002500613338002300638505112800661520023401789526000902023526000902032526000802041526000802049526000802057534004102065541001602106650001702122650004602139856005602185856005602241856005602297856005602353910002802409942001402437949013102451994001402582856005602596856005602652856005602708856005602764596000602820999015902826980005502985952016903040PE-LiUPU20250731183445.0150514s2009 gw a r 000 0 eng d a393866696X a9783938666968 a(Sirsi) i9783938666968 aACDbengcACDdDLCdCLUdYDXCPdOCLCQdOCLCFdNJIdPE-LiUPUerda1 aenghger aPRUA04a721.0448022bW462201 aWenning, Andreas,d1965- ,eautor.10a1aBaumhäuser.lEnglish10aTreehouses :b construction and design manual /c Andreas Wenning ; [translation, ArchiTEXT].14aConstruction and design manual :b treehouses3 aTree-houses :b construction and design manual 1aBerlin :bDOM,c[2009]. a239 páginas :bilustraciones ;c29 centímetros atext2rdacontent aunmediated2rdamedia avolume2rdacarrier0 aTreehouses / Andreas Wenning -- A brief digression on living trees. A look back through history ; Dancing under the village lime tree ; Treehouses in the english ; Landscaped garden ; Treehouses as an alternative living space ; Protests in the trees ; The tree people ; The korowai of irian jaya ; Public treehouses ; Treehouses in literature, film, and comic -- The tree and the treehouse / Klaus Schope -- 25 Projects 2003-2008. Treehouse plendelhof ; Treehouse wencke ; Bush house ; Treehouse lake tegern ; Peartreehouse ; Lookout station ; Casa girafa ; Treehouse eilenriede ; Treehouse balaton ; Between alder and oak ; Treehouse louisa ; Scout treehouse almke ; Meditation treehouse ; Treehouse apulia ; Nut room ; Between magnolia and pine ; Treehouse nordbau ; Treehouse distler -- Cliff treehouse ; World of living ; Treehouse bachstelze ; Treehouse djuren -- Trade fair and exhibition 2008. Caporea birch pavilion ; Coporea bamboo pavilion ; Winding nest -- Ten baumraum visions. Living box ; Loop ; Lighting ; Cone treehouse ; Windng snake ; Palm ficition ; Jungle house ; Cube ; Water lily ; Beneath the leaves. a"Presents 25 innovative examples of contemporary treehouses and ten conceptions of treehouses created by Andreas Wenning. With large-scale photos and substantial essays on questions of statics and construction."--Page 4 of cover. aP158 aP146 aP17 aP12 aP06 pTítulo original :t[Baumhäuser.] g003-000776; 0aTree houses. 7aTree houses.2 fast 0 (OCoLC)fst01155940423Tabla de contenido :uhttp://d-nb.info/997339225/04423Tabla de contenido :uhttp://d-nb.info/997339225/04423Tabla de contenido :uhttp://d-nb.info/997339225/04423Tabla de contenido :uhttp://d-nb.info/997339225/04 aaasbjckcaasd20150514 2ddccBOOK a728.9 W46wDEWEYc1i71167lCCODEBUL1mBULp56.51r0sYtBOOKu2015-5-14xINGENIERIAPP060COMPRAo.STAFF. Colección General aC0bPEPRU423Tabla de contenido :uhttp://d-nb.info/997339225/04423Tabla de contenido :uhttp://d-nb.info/997339225/04423Tabla de contenido :uhttp://d-nb.info/997339225/04423Tabla de contenido :uhttp://d-nb.info/997339225/04 a1 a728.9 W46wDEWEYc59303i71167d59303f2021-11-9g7lCCODEBUL1mBULp56.51q1r0sYtBOOKu2015-5-14xINGENIERIAPP060COMPRAo.STAFF. Colección General 81gALBERTO SANCHEZ Responsable de Automatización r2025-12-03 00:00:00i8l0o728.9 W46p71167te1v61.51w2015-05-14xFIAyBKzinventario-2023-12-13102ddc50708GENfP06aBULbBULcGENd2015-05-14eCOMPRAg56.51